Text book of Automobile Engineering (Record no. 11526)

MARC details
000 -LEADER
fixed length control field 00384nam a22001697a 4500
003 - CONTROL NUMBER IDENTIFIER
control field OSt
008 - FIXED-LENGTH DATA ELEMENTS--GENERAL INFORMATION
fixed length control field 220910b ||||| |||| 00| 0 eng d
020 ## - INTERNATIONAL STANDARD BOOK NUMBER
International Standard Book Number 9789352838165
082 ## - DEWEY DECIMAL CLASSIFICATION NUMBER
Classification number 629.2 GUA
100 ## - MAIN ENTRY--PERSONAL NAME
Personal name GUPTA,SK
245 ## - TITLE STATEMENT
Title Text book of Automobile Engineering
250 ## - EDITION STATEMENT
Edition statement 2nd
260 ## - PUBLICATION, DISTRIBUTION, ETC. (IMPRINT)
Place of publication, distribution, etc New Delhi
Name of publisher, distributor, etc S.Chand
Date of publication, distribution, etc 2022
300 ## - PHYSICAL DESCRIPTION
Extent 921
650 ## - SUBJECT ADDED ENTRY--TOPICAL TERM
Topical term or geographic name as entry element ME
942 ## - ADDED ENTRY ELEMENTS (KOHA)
Source of classification or shelving scheme Dewey Decimal Classification
Koha item type Text Books
942 ## - ADDED ENTRY ELEMENTS (KOHA)
-- 1
Holdings
Withdrawn status Lost status Source of classification or shelving scheme Damaged status Not for loan Collection code Home library Current library Date acquired Source of acquisition Currency Cost, normal purchase price Bill Number Total Checkouts Full call number Acc. no. / Barcode Date last seen Actual Cost, discounted price Bill Date Koha item type Date last borrowed
    Dewey Decimal Classification     B.Tech(ME) PIET C-LIBRARY PIET C-LIBRARY 02/09/2022 Kirti Praskshan IN Rupees 690.00 IN900   629.2 GUA 33942 10/09/2022 496.80 02/09/2022 Text Books  
    Dewey Decimal Classification     B.Tech(ME) PIET C-LIBRARY PIET C-LIBRARY 02/09/2022 Kirti Praskshan IN Rupees 690.00 IN900 2 629.2 GUA 33943 17/05/2023 496.80 02/09/2022 Text Books 03/05/2023
    Dewey Decimal Classification     B.Tech(ME) PIET C-LIBRARY PIET C-LIBRARY 02/09/2022 Kirti Praskshan IN Rupees 690.00 IN900 2 629.2 GUA 33944 25/06/2024 496.80 02/09/2022 Text Books 30/05/2024
    Dewey Decimal Classification     B.Tech(ME) PIET C-LIBRARY PIET C-LIBRARY 02/09/2022 Kirti Praskshan IN Rupees 690.00 IN900 8 629.2 GUA 33945 11/06/2024 496.80 02/09/2022 Text Books 09/04/2024
    Dewey Decimal Classification     B.Tech(ME) PIET C-LIBRARY PIET C-LIBRARY 02/09/2022 Kirti Praskshan IN Rupees 690.00 IN900 10 629.2 GUA 33946 09/01/2025 496.80 02/09/2022 Text Books 18/12/2024

Design & Developed by: PIET Central Library
R70 Miles Stone Pattikalyana Samalkha Panipat 132102
mail ID :- [email protected], Phone No:- 0180-2569700 Ex.216